Statistiques concernant Personnages du Mandalorian

Cliquez ici pour prendre le quiz!

Statistiques générales

  • Ce quiz a été pris 11 fois
  • Le résultat moyen est 9 sur 47

Statistiques - réponses

IndicesRéponses% Correct
Bébé :Grogu
82%
Chasseurs de primes :Boba Fett
64%
Luke Skywalker
64%
Jedis :Ahsoka Tano
55%
Mandalorien :Din Djarin
55%
Ancien assistant de Jabba le Hutt
(scène post-générique du chapitre 16) :
Bib Fortuna
36%
Bo-Katan Kryze
36%
Fennec Shand
36%
Chef de la guilde des chasseurs de primes :Greef Karga
36%
IG-11
36%
Autres Mandaloriens :L'armurier
36%
Chef du reste impérial :Moff Gideon
36%
Droïde cité dans la consigne :R2-D2
27%
Ax Woves
18%
Ancienne soldat de choc :Cara Dune
18%
Maréchal de Mos Pelgo :Cobb Vanth
18%
Ugnaught :Kuiil
18%
Mécanicienne :Peli Motto
18%
Vane
18%
Héro de Star Wars Rebels (caméo)Zeb Orrelios
18%
Père d'Armitage Hux :Brendol
9%
Pilote Rebelle :Carson Teva
9%
Dame Grenouille
9%
Burg
9%
Habitants de Plazirs-15 :
Capitaine Bombardier
9%
Duchesse
9%
Officier de communication :Elia Kane
9%
Pirates :Gorian Shard
9%
Kelleran Beq
9%
Koska Reeves
9%
Lieutenant impérial sur Corvus :Lang
9%
Collègue du docteur dans la saison 1 :Le client
9%
Migs Mayfeld
9%
Magistrat impérial de Calidan sur Corvus :Morgan Elsbeth
9%
Autres :Mythrol
9%
Paz Vizsla
9%
Docteur Impérial :Pershing
9%
Q9-0
9%
Qin
9%
Ragnar
9%
Groupe de mercenaires du Chapitre 6 :Ranzar Malk
9%
Toro Calican
9%
Xi'an
9%
Commandant Shuggots
0%
Helgait
0%
Colonel de la nouvelle république :Tuttle
0%
Vice-roi Mon Calamari
0%

Distribution des résultats

Percentile par nombre de réponses

% des personnes avec chaque résultat

Votre développement - résultats

Vous n’avez pas pris ce quiz